[Event "27th Bosna it"]
[Site "Sarajevo YUG"]
[Date "1988.03.21"]
[Round "1"]
[White "Klinger, Josef"]
[Black "Mestrovic, Zvonimir"]
[Result "1/2-1/2"]
[WhiteElo "2505"]
[BlackElo "2430"]
[EventDate "1988.03.21"]
[PlyCount "24"]
[Source "Perpetual Check"]

1.e4 Nc6 2.d4 d6 3.Nc3 Nf6 4.f4 e5 5.dxe5 Bg4 6.Qd2 dxe5 7.f5 Bb4 8.Qxd8+ 
Rxd8 9.Bd3 Rd4 10.Ne2 Rxe4 11.Bxe4 Nxe4 12.O-O Bc5+ 1/2-1/2

[Event "27th Bosna it"]
[Site "Sarajevo YUG"]
[Date "1988.03.21"]
[Round "1"]
[White "Ninov, Kiril"]
[Black "Arapovic, Vitomir"]
[Result "1/2-1/2"]
[WhiteElo "2495"]
[BlackElo "2395"]
[EventDate "1988.03.21"]
[PlyCount "27"]
[Source "Perpetual Check"]

1.Nf3 g6 2.d4 Bg7 3.g3 c5 4.c3 Na6 5.Bg2 Nf6 6.O-O O-O 7.a3 d6 8.Re1 cxd4 
9.cxd4 Nc7 10.e4 d5 11.e5 Ne4 12.Nfd2 Ng5 13.Qe2 f6 14.f4 1/2-1/2

[Event "27th Bosna it"]
[Site "Sarajevo YUG"]
[Date "1988.03.21"]
[Round "1"]
[White "Hulak, Krunoslav"]
[Black "Dizdarevic, Emir"]
[Result "1/2-1/2"]
[WhiteElo "2475"]
[BlackElo "2485"]
[EventDate "1988.03.21"]
[PlyCount "52"]
[Source "Perpetual Check"]

1.d4 Nf6 2.c4 e6 3.g3 d5 4.Bg2 Bb4+ 5.Bd2 Be7 6.Nf3 O-O 7.O-O c6 8.Qb3 Qb6
9.Qc2 Nbd7 10.c5 Qd8 11.Nc3 b6 12.b4 a5 13.b5 cxb5 14.c6 Ba6 15.cxd7 b4 
16.Na4 Bxe2 17.Ne5 Bb5 18.Rfc1 Nxd7 19.Nc6 Qe8 20.Bf1 Bxf1 21.Nxe7+ Qxe7 
22.Kxf1 b5 23.Nb2 Nb6 24.Qc5 Qxc5 25.Rxc5 Nc4 26.Bc1 Rfc8 1/2-1/2

[Event "27th Bosna it"]
[Site "Sarajevo YUG"]
[Date "1988.03.21"]
[Round "1"]
[White "Marjanovic, Slavoljub"]
[Black "Gunawan, Ronny"]
[Result "1/2-1/2"]
[WhiteElo "2480"]
[BlackElo "2440"]
[EventDate "1988.03.21"]
[PlyCount "33"]
[Source "Perpetual Check"]

1.e4 e6 2.d4 d5 3.Nc3 Bb4 4.e5 c5 5.Bd2 Ne7 6.Nb5 Bxd2+ 7.Qxd2 O-O 8.c3 
Nbc6 9.f4 cxd4 10.cxd4 f6 11.exf6 Rxf6 12.Nf3 Bd7 13.Bd3 Be8 14.Ne5 Qb6 
15.Rd1 a6 16.Nc3 Rc8 17.Ne2 1/2-1/2

[Event "27th Bosna it"]
[Site "Sarajevo YUG"]
[Date "1988.03.22"]
[Round "2"]
[White "Dizdar, Goran"]
[Black "Kovacevic, Vlatko"]
[Result "1-0"]
[WhiteElo "2490"]
[BlackElo "2515"]
[EventDate "1988.03.21"]
[PlyCount "49"]
[Source "Perpetual Check"]

1.d4 d5 2.c4 e6 3.Nc3 Nf6 4.Bg5 Nbd7 5.e3 Be7 6.Nf3 O-O 7.Qc2 c6 8.a3 Re8 
9.Rd1 b6 10.Bd3 Bb7 11.O-O dxc4 12.Bxc4 Nd5 13.Ne4 h6 14.Bf4 Nxf4 15.exf4 
Qc7 16.f5 exf5 17.Ng3 Qf4 18.Rfe1 Bd6 19.Nxf5 Bf8 20.N3h4 Qg5 21.Bxf7+ 
Kxf7 22.Qb3+ Kf6 23.Qf3 Re6 24.Nd6+ Ke7 25.Nhf5+ 1-0

[Event "27th Bosna it"]
[Site "Sarajevo YUG"]
[Date "1988.03.22"]
[Round "2"]
[White "Lalic, Bogdan"]
[Black "Cvitan, Ognjen"]
[Result "1/2-1/2"]
[WhiteElo "2495"]
[BlackElo "2520"]
[EventDate "1988.03.21"]
[PlyCount "46"]
[Source "Perpetual Check"]

1.d4 Nf6 2.c4 e6 3.Nf3 d5 4.Nc3 Be7 5.Bg5 O-O 6.e3 h6 7.Bxf6 Bxf6 8.Rc1 c6
9.Bd3 Nd7 10.O-O dxc4 11.Bxc4 e5 12.h3 exd4 13.exd4 Nb6 14.Bb3 Bf5 15.Re1 
Re8 16.Rxe8+ Qxe8 17.Qd2 Qd7 18.Re1 a5 19.a3 a4 20.Ba2 Re8 21.Rxe8+ Qxe8 
22.Qf4 Be6 23.Bxe6 Qxe6 1/2-1/2

[Event "27th Bosna it"]
[Site "Sarajevo YUG"]
[Date "1988.03.22"]
[Round "2"]
[White "Gunawan, Ronny"]
[Black "Dorfman, Iosif"]
[Result "1/2-1/2"]
[WhiteElo "2440"]
[BlackElo "2520"]
[EventDate "1988.03.21"]
[PlyCount "71"]
[Source "Perpetual Check"]

1.d4 Nf6 2.c4 g6 3.Nc3 d5 4.Bf4 Bg7 5.e3 c5 6.dxc5 Qa5 7.Rc1 dxc4 8.Qa4+ 
Qxa4 9.Nxa4 Bd7 10.Rxc4 O-O 11.Nf3 Rc8 12.Nc3 Nc6 13.Ne5 Be6 14.Nxc6 Rxc6 
15.Rb4 Nd5 16.Nxd5 Bxd5 17.e4 Bxa2 18.Be3 Rc7 19.Bd3 a5 20.Rb6 a4 21.Ke2 
Bb3 22.Rb1 Rd8 23.Rb4 e6 24.Bb5 Ra8 25.f3 h5 26.Kf2 Ra5 27.Bxa4 Bxa4 28.
Ra1 Bf8 29.Raxa4 Bxc5 30.Rxa5 Bxb4 31.Rb5 Bd6 32.f4 Kf8 33.Kf3 Ke8 34.h3 
Kd7 35.g4 hxg4+ 36.hxg4 1/2-1/2

[Event "27th Bosna it"]
[Site "Sarajevo YUG"]
[Date "1988.03.22"]
[Round "2"]
[White "Mestrovic, Zvonimir"]
[Black "Ninov, Kiril"]
[Result "1/2-1/2"]
[WhiteElo "2430"]
[BlackElo "2495"]
[EventDate "1988.03.21"]
[PlyCount "28"]
[Source "Perpetual Check"]

1.Nc3 c5 2.Nf3 Nc6 3.g3 g6 4.Bg2 Bg7 5.O-O d6 6.d3 Rb8 7.Bd2 e5 8.Qc1 Nge7
9.Bh6 O-O 10.Bxg7 Kxg7 11.Nh4 Be6 12.e4 Qd7 13.f4 f6 14.Qe3 Nd4 1/2-1/2

[Event "27th Bosna it"]
[Site "Sarajevo YUG"]
[Date "1988.03.22"]
[Round "2"]
[White "Popchev, Milko"]
[Black "Kozul, Zdenko"]
[Result "0-1"]
[WhiteElo "2470"]
[BlackElo "2470"]
[EventDate "1988.03.21"]
[PlyCount "94"]
[Source "Perpetual Check"]

1.g3 g6 2.Bg2 Bg7 3.d4 d5 4.Nf3 Nf6 5.O-O O-O 6.c3 c6 7.Bf4 Qb6 8.Qb3 h6 
9.Nbd2 g5 10.Qxb6 axb6 11.Bxb8 Rxb8 12.Ne5 Ng4 13.Nxg4 Bxg4 14.e4 dxe4 15.
Nxe4 f5 16.Nd2 e5 17.dxe5 Rbd8 18.Nb3 Bxe5 19.Rfe1 Rfe8 20.a4 f4 21.a5 f3 
22.Bh1 Bc7 23.h3 Bxh3 24.Rxe8+ Rxe8 25.a6 bxa6 26.Bxf3 a5 27.Bxc6 Re2 28.
Nd4 Rxb2 29.Re1 Bd6 30.Re8+ Kf7 31.Re4 Bc8 32.Bd5+ Kf8 33.Bc6 Kf7 34.Bd5+ 
Kf8 35.Bc6 Kg7 36.Re8 Bh3 37.Re4 h5 38.Kh2 Bg4 39.Kg2 Bc5 40.Re8 Kf6 41.
Kf1 Rb1+ 42.Kg2 Rb2 43.Kf1 a4 44.Bxa4 Bxd4 45.cxd4 b5 46.Rf8+ Ke7 47.Rb8 
Bf3 0-1

[Event "27th Bosna it"]
[Site "Sarajevo YUG"]
[Date "1988.03.23"]
[Round "3"]
[White "Klinger, Josef"]
[Black "Popchev, Milko"]
[Result "1-0"]
[WhiteElo "2505"]
[BlackElo "2470"]
[EventDate "1988.03.21"]
[PlyCount "65"]
[Source "Perpetual Check"]

1.e4 d6 2.d4 Nf6 3.Nc3 g6 4.g3 Bg7 5.Bg2 O-O 6.Nge2 e5 7.h3 Nbd7 8.O-O b6 
9.Be3 Bb7 10.g4 exd4 11.Bxd4 Re8 12.Ng3 Ne5 13.g5 Nfd7 14.f4 c5 15.Bxe5 
dxe5 16.f5 c4 17.Qg4 Qc7 18.h4 Rad8 19.h5 Nc5 20.hxg6 hxg6 21.f6 Bf8 22.
Rf3 Ne6 23.Nge2 Bc8 24.Qh4 Nf4 25.Nxf4 exf4 26.Bh3 Qc5+ 27.Kf1 Qd4 28.Bxc8
Bc5 29.Qh2 Qd2 30.Rh3 Qxh2 31.Rxh2 Re5 32.Ke2 Be3 33.Rah1 1-0

[Event "27th Bosna it"]
[Site "Sarajevo YUG"]
[Date "1988.03.23"]
[Round "3"]
[White "Ninov, Kiril"]
[Black "Romanishin, Oleg"]
[Result "1/2-1/2"]
[WhiteElo "2495"]
[BlackElo "2570"]
[EventDate "1988.03.21"]
[PlyCount "123"]
[Source "Perpetual Check"]

1.Nf3 Nf6 2.g3 d5 3.Bg2 g6 4.c4 dxc4 5.Na3 Bg7 6.Nxc4 O-O 7.b3 b5 8.Nce5 
Bb7 9.Bb2 c5 10.O-O Nbd7 11.Rc1 Rc8 12.Rc2 Nxe5 13.Bxe5 c4 14.bxc4 bxc4 
15.Rb2 Bc6 16.Bc3 Qd6 17.Qc2 Rfd8 18.Be5 Qc5 19.Bd4 Qa5 20.Bh3 e6 21.Rc1 
Bxf3 22.exf3 Nd5 23.Bxg7 Kxg7 24.Qe4 c3 25.dxc3 Nxc3 26.Qe1 Rc5 27.Rbc2 
Rdc8 28.Bf1 Qa3 29.Qe3 Qb4 30.Kg2 R8c7 31.Qd2 a5 32.Rb2 Qa3 33.Rb8 Rd5 34.
Qb2 Qxb2 35.Rxb2 Kf6 36.f4 Ke7 37.a3 a4 38.Rb4 Rdc5 39.Rc2 Kd6 40.Rd2+ Rd5
41.Rdb2 Rdc5 42.Bd3 Rd5 43.Be2 Ra5 44.Rd4+ Nd5 45.Rbb4 Rc3 46.Rxa4 Rxa3 
47.Rxa5 Rxa5 48.Rd2 Ra7 49.h4 h5 50.f5 exf5 51.Bc4 Ra5 52.Rb2 Rc5 53.Bxd5 
Rxd5 54.Rb7 Ke6 55.Rb6+ Rd6 56.Rb4 Rd7 57.Ra4 Rd6 58.Rb4 Kf6 59.Ra4 Re6 
60.Kf3 Re7 61.Ra6+ Kg7 62.Ra4 1/2-1/2

[Event "27th Bosna it"]
[Site "Sarajevo YUG"]
[Date "1988.03.23"]
[Round "3"]
[White "Hulak, Krunoslav"]
[Black "Mestrovic, Zvonimir"]
[Result "1-0"]
[WhiteElo "2475"]
[BlackElo "2430"]
[EventDate "1988.03.21"]
[PlyCount "85"]
[Source "Perpetual Check"]

1.d4 Nc6 2.Nf3 d6 3.e4 Nf6 4.Nc3 Bg4 5.Be3 e5 6.Bb5 Nd7 7.d5 Ncb8 8.Be2 
Be7 9.a4 O-O 10.Qd2 Nf6 11.a5 Bh5 12.Qd1 Bg6 13.Nd2 c5 14.O-O Ne8 15.g3 
Bg5 16.f4 exf4 17.gxf4 Bh6 18.Nc4 f6 19.Bh5 Bf7 20.Bxf7+ Rxf7 21.Qh5 Nd7 
22.Rf3 Qe7 23.Rg3 Kh8 24.Rf1 Rb8 25.Bc1 Rf8 26.Rh3 b5 27.axb6 axb6 28.Ne3 
b5 29.Nf5 Qd8 30.Nd1 c4 31.Nf2 Nc5 32.Kh1 Rb7 33.Be3 Qc8 34.Bd4 Rbf7 35.
Rg1 b4 36.Qf3 b3 37.cxb3 cxb3 38.Ng4 Ra7 39.Nfxh6 gxh6 40.Rxh6 Rg7 41.Nxf6
Rxg1+ 42.Kxg1 Nxf6 43.Rxf6 1-0

[Event "27th Bosna it"]
[Site "Sarajevo YUG"]
[Date "1988.03.24"]
[Round "4"]
[White "Dizdar, Goran"]
[Black "Lalic, Bogdan"]
[Result "1/2-1/2"]
[WhiteElo "2490"]
[BlackElo "2495"]
[EventDate "1988.03.21"]
[PlyCount "69"]
[Source "Perpetual Check"]

1.Nf3 Nf6 2.g3 g6 3.b3 Bg7 4.Bb2 c5 5.Bg2 d5 6.c4 d4 7.b4 O-O 8.O-O Nfd7 
9.d3 Nc6 10.bxc5 Nxc5 11.Nbd2 h6 12.Ba3 Qa5 13.Bxc5 Qxc5 14.Qa4 Bd7 15.
Rab1 Qa5 16.Qxa5 Nxa5 17.Nb3 Nxb3 18.Rxb3 b6 19.Ra3 a6 20.Nd2 Ra7 21.Rb1 
Rb8 22.Rab3 b5 23.a4 Rc7 24.R3b2 Rb6 25.cxb5 axb5 26.Nc4 bxc4 27.Rxb6 cxd3
28.exd3 Bxa4 29.R6b4 Bc2 30.Rb8+ Kh7 31.Rc1 Rc3 32.Bf1 Bf6 33.h4 h5 34.Ra8
Kg7 35.Be2 1/2-1/2

[Event "27th Bosna it"]
[Site "Sarajevo YUG"]
[Date "1988.03.24"]
[Round "4"]
[White "Dizdarevic, Emir"]
[Black "Cvitan, Ognjen"]
[Result "1/2-1/2"]
[WhiteElo "2485"]
[BlackElo "2520"]
[EventDate "1988.03.21"]
[PlyCount "36"]
[Source "Perpetual Check"]

1.c4 e6 2.d4 Nf6 3.Nf3 d5 4.Nc3 Be7 5.Bg5 h6 6.Bh4 O-O 7.e3 b6 8.Bxf6 Bxf6
9.cxd5 exd5 10.Be2 Bb7 11.b4 c6 12.O-O Re8 13.Qb3 Nd7 14.Rac1 Nf8 15.Rfd1 
Ne6 16.a4 Rb8 17.b5 c5 18.dxc5 Nxc5 1/2-1/2

[Event "27th Bosna it"]
[Site "Sarajevo YUG"]
[Date "1988.03.24"]
[Round "4"]
[White "Arapovic, Vitomir"]
[Black "Dorfman, Iosif"]
[Result "0-1"]
[WhiteElo "2395"]
[BlackElo "2520"]
[EventDate "1988.03.21"]
[PlyCount "70"]
[Source "Perpetual Check"]

1.e4 c5 2.Nf3 d6 3.d4 cxd4 4.Nxd4 Nf6 5.Nc3 a6 6.f4 e5 7.Nf3 Nbd7 8.Bd3 
Be7 9.O-O O-O 10.Kh1 b5 11.a3 Re8 12.Qe1 Bb7 13.fxe5 dxe5 14.Bg5 Rc8 15.
Rd1 Qb6 16.Nh4 g6 17.Nf3 Bf8 18.Qh4 Bg7 19.h3 Qc5 20.Nh2 Re6 21.Rf3 Rf8 
22.Rdf1 Nh5 23.Ng4 f6 24.Be3 Qe7 25.Nd5 Bxd5 26.exd5 Rd6 27.c4 bxc4 28.
Bxc4 e4 29.R3f2 Ne5 30.Nxe5 Qxe5 31.Rd1 Ng3+ 32.Kg1 g5 33.Qg4 h5 34.Bd4 
Qxd4 35.Rxd4 hxg4 0-1

[Event "27th Bosna it"]
[Site "Sarajevo YUG"]
[Date "1988.03.24"]
[Round "4"]
[White "Mestrovic, Zvonimir"]
[Black "Marjanovic, Slavoljub"]
[Result "0-1"]
[WhiteElo "2430"]
[BlackElo "2480"]
[EventDate "1988.03.21"]
[PlyCount "70"]
[Source "Perpetual Check"]

1.Nc3 d5 2.e4 e6 3.Nf3 Nf6 4.e5 Nfd7 5.g3 c5 6.Bg2 Nc6 7.Qe2 a6 8.O-O Be7 
9.d3 g5 10.h3 h5 11.Re1 Rg8 12.Nxd5 exd5 13.e6 Nf8 14.exf7+ Kxf7 15.Ne5+ 
Nxe5 16.Qxe5 Be6 17.c4 Bf6 18.Qe2 g4 19.Bh6 Qd7 20.h4 Ng6 21.Qc2 Rad8 22.
Re3 Bd4 23.Re2 Ne5 24.Rae1 Rg6 25.Rxe5 Bxe5 26.Rxe5 Rxh6 27.cxd5 Bf5 28.
Qxc5 Bxd3 29.Qd4 Bf5 30.Qf4 Rf6 31.Qg5 Re8 32.Rxe8 Qxe8 33.Qxh5+ Bg6 34.
Qxg4 Qe1+ 35.Kh2 Rxf2 0-1

[Event "27th Bosna it"]
[Site "Sarajevo YUG"]
[Date "1988.03.24"]
[Round "4"]
[White "Romanishin, Oleg"]
[Black "Hulak, Krunoslav"]
[Result "0-1"]
[WhiteElo "2570"]
[BlackElo "2475"]
[EventDate "1988.03.21"]
[PlyCount "114"]
[Source "Perpetual Check"]

1.e4 c5 2.Nf3 e6 3.d3 Nc6 4.g3 Nge7 5.Nc3 d5 6.Bg2 d4 7.Ne2 g6 8.c4 Bg7 9.
h4 h6 10.O-O Qc7 11.a3 a5 12.b3 e5 13.Nh2 Bd7 14.f4 a4 15.Rb1 axb3 16.Qxb3
Na5 17.Qc2 f6 18.fxe5 fxe5 19.Bd2 Nac6 20.Qc1 Ra6 21.Kh1 Nd8 22.Ng1 Qc8 
23.Rb3 Nf7 24.Qb2 Ra7 25.Rb1 Nd8 26.Rf1 Rf8 27.Rxf8+ Kxf8 28.Qc1 Nf7 29.
Qf1 Kg8 30.Bh3 Nd6 31.Bxd7 Qxd7 32.Qh3 Qxh3 33.Nxh3 Nc6 34.Nf2 Kf7 35.Nf3 
Ke6 36.Kg2 Ra8 37.g4 Rb8 38.Rb6 Ra8 39.Bc1 Kd7 40.Nh1 Kc7 41.Rb3 Na5 42.
Rb1 Naxc4 43.dxc4 Nxe4 44.Nd2 Nxd2 45.Bxd2 e4 46.Rf1 Kc6 47.Rf7 Be5 48.Bf4
Bxf4 49.Rxf4 e3 50.Rf6+ Kc7 51.Kf3 Re8 52.Rf7+ Kc8 53.Nf2 exf2 54.Kxf2 d3 
55.Rf3 Re2+ 56.Kf1 Re4 57.Rxd3 Rxg4 0-1

[Event "27th Bosna it"]
[Site "Sarajevo YUG"]
[Date "1988.03.24"]
[Round "4"]
[White "Kozul, Zdenko"]
[Black "Klinger, Josef"]
[Result "1-0"]
[WhiteElo "2470"]
[BlackElo "2505"]
[EventDate "1988.03.21"]
[PlyCount "103"]
[Source "Perpetual Check"]

1.d4 e6 2.c4 f5 3.g3 Nf6 4.Bg2 d5 5.Nf3 c6 6.O-O Bd6 7.Qc2 O-O 8.Nbd2 b6 
9.Ne5 Bb7 10.Ndf3 Qe7 11.Bg5 Rc8 12.Rac1 c5 13.Qa4 Nc6 14.cxd5 Nxd4 15.
Nxd4 Bxe5 16.Nxe6 Bxb2 17.Rcd1 h6 18.Qb3 hxg5 19.d6 Qf7 20.Bxb7 c4 21.Qxb2
Qxb7 22.d7 Rd8 23.Nxd8 Rxd8 24.Qb5 Qe4 25.e3 Kh7 26.Rd4 Qf3 27.Qxc4 Rxd7 
28.Rxd7 Nxd7 29.Qd4 Nf6 30.Qd1 Qe4 31.Qe2 Ng4 32.h3 Ne5 33.f3 Qc6 34.f4 
gxf4 35.exf4 Nf7 36.Qh5+ Nh6 37.Qf3 Qc5+ 38.Qf2 Qd5 39.Qc2 Ng8 40.Rd1 Qe6 
41.g4 Qe3+ 42.Qf2 Qc3 43.g5 Ne7 44.Kh2 Nc6 45.h4 Nb4 46.h5 Qc7 47.Qd4 Nxa2
48.Qd6 Qc8 49.Rd2 Nc3 50.Qg6+ Kh8 51.h6 Qc7 52.Rd8+ 1-0

[Event "27th Bosna it"]
[Site "Sarajevo YUG"]
[Date "1988.03.25"]
[Round "5"]
[White "Hulak, Krunoslav"]
[Black "Popchev, Milko"]
[Result "1/2-1/2"]
[WhiteElo "2475"]
[BlackElo "2470"]
[EventDate "1988.03.21"]
[PlyCount "67"]
[Source "Perpetual Check"]

1.d4 d5 2.Nf3 Nf6 3.c4 e6 4.g3 dxc4 5.Bg2 Nc6 6.Nc3 Rb8 7.O-O b5 8.Bg5 Be7
9.e3 O-O 10.Qe2 Nd5 11.Bxe7 Qxe7 12.Nd2 Ncb4 13.a4 a6 14.e4 Nxc3 15.bxc3 
Nd3 16.Rfb1 Bd7 17.axb5 Bxb5 18.Qe3 c5 19.Bf1 cxd4 20.cxd4 Rbc8 21.Nxc4 
Nxf2 22.Nd2 Ng4 23.Qf4 Qd7 24.Nf3 f5 25.exf5 exf5 26.h3 Nf6 27.Ne5 Qd5 28.
Bxb5 axb5 29.Ra7 Nh5 30.Qe3 Nxg3 31.Rxg7+ Kxg7 32.Qg5+ Kh8 33.Ng6+ hxg6 
34.Qh6+ 1/2-1/2

[Event "27th Bosna it"]
[Site "Sarajevo YUG"]
[Date "1988.03.25"]
[Round "5"]
[White "Marjanovic, Slavoljub"]
[Black "Romanishin, Oleg"]
[Result "1/2-1/2"]
[WhiteElo "2480"]
[BlackElo "2570"]
[EventDate "1988.03.21"]
[PlyCount "67"]
[Source "Perpetual Check"]

1.e4 e5 2.Nf3 Nc6 3.Bb5 a6 4.Ba4 Nf6 5.O-O Be7 6.Re1 b5 7.Bb3 d6 8.c3 O-O 
9.h3 Na5 10.Bc2 c5 11.d4 Bb7 12.d5 Nc4 13.a4 Nb6 14.Nbd2 g6 15.Qe2 Qd7 16.
a5 Nc8 17.b4 c4 18.Nf1 Nh5 19.Bh6 Re8 20.Qd2 Bf8 21.Rad1 Bxh6 22.Qxh6 f6 
23.Rd2 Ne7 24.Kh2 Ng7 25.g3 Bc8 26.Ne3 Nh5 27.Ng4 Rf8 28.Nh4 Qe8 29.Qe3 
Ng7 30.Nh6+ Kh8 31.f4 Ng8 32.f5 g5 33.Nxg8 Kxg8 34.Ng2 1/2-1/2

[Event "27th Bosna it"]
[Site "Sarajevo YUG"]
[Date "1988.03.25"]
[Round "5"]
[White "Dorfman, Iosif"]
[Black "Mestrovic, Zvonimir"]
[Result "1-0"]
[WhiteElo "2520"]
[BlackElo "2430"]
[EventDate "1988.03.21"]
[PlyCount "65"]
[Source "Perpetual Check"]

1.d4 Nc6 2.Nf3 d6 3.e4 Nf6 4.Nc3 Bg4 5.Be3 e5 6.Bb5 Nd7 7.d5 Ne7 8.Nxe5 
Bxd1 9.Bxd7+ Qxd7 10.Nxd7 Bxc2 11.Nxf8 Bd3 12.O-O-O Ba6 13.Nxh7 Rxh7 14.h3
Kd7 15.Rhe1 Re8 16.f3 Ng6 17.Kc2 f6 18.b3 Nh4 19.Rd2 g5 20.Rg1 Ng6 21.Nd1 
b6 22.Bd4 Rf7 23.Ne3 Bc8 24.Ng4 Ke7 25.Kc3 Bxg4 26.hxg4 Rh7 27.Kb4 Rf8 28.
Kb5 Rh2 29.Rc1 Kd8 30.a4 Rf7 31.a5 Nf4 32.axb6 axb6 33.Ra2 1-0

[Event "27th Bosna it"]
[Site "Sarajevo YUG"]
[Date "1988.03.25"]
[Round "5"]
[White "Cvitan, Ognjen"]
[Black "Arapovic, Vitomir"]
[Result "1/2-1/2"]
[WhiteElo "2520"]
[BlackElo "2395"]
[EventDate "1988.03.21"]
[PlyCount "96"]
[Source "Perpetual Check"]

1.d4 g6 2.e4 Bg7 3.Nf3 d6 4.h3 Nf6 5.Nc3 O-O 6.Be3 c6 7.a4 a5 8.Be2 Na6 9.
O-O Nb4 10.Nd2 d5 11.e5 Ne8 12.Ncb1 c5 13.dxc5 Bxe5 14.Nc4 Bc7 15.Nb6 Bxb6
16.cxb6 Bf5 17.Na3 Rc8 18.c3 Nc6 19.Nb5 Nf6 20.Re1 Qd7 21.Bf1 Ne4 22.Qb3 
Rfd8 23.Rad1 e5 24.f3 Nf6 25.Bg5 Kg7 26.Nc7 Be6 27.Bb5 Qd6 28.Qa3 Qxa3 29.
bxa3 h6 30.Bh4 Rd6 31.c4 Rcd8 32.c5 R6d7 33.Bxc6 bxc6 34.Nxe6+ fxe6 35.
Rxe5 g5 36.Bf2 Kf7 37.Bd4 Re7 38.Re2 Nd7 39.Rde1 Rde8 40.Rb1 e5 41.Bf2 d4 
42.Rc1 Nf6 43.Rce1 Nd5 44.Bg3 Ne3 45.Bf2 Nd5 46.Bg3 Ne3 47.Bf2 Nd5 48.Bg3 
Ne3 1/2-1/2

[Event "27th Bosna it"]
[Site "Sarajevo YUG"]
[Date "1988.03.25"]
[Round "5"]
[White "Kovacevic, Vlatko"]
[Black "Dizdarevic, Emir"]
[Result "0-1"]
[WhiteElo "2515"]
[BlackElo "2485"]
[EventDate "1988.03.21"]
[PlyCount "94"]
[Source "Perpetual Check"]

1.d4 Nf6 2.Nf3 e6 3.e3 c5 4.Bd3 b6 5.O-O Bb7 6.c4 Be7 7.Nc3 cxd4 8.exd4 d5
9.Bg5 dxc4 10.Bxc4 O-O 11.Qd3 Nc6 12.a3 Nd5 13.Bd2 Nxc3 14.bxc3 Rc8 15.Bb3
Na5 16.Bc2 f5 17.Qe2 Bd5 18.Ne5 Bd6 19.Rfc1 Qc7 20.f4 Rf6 21.Rf1 Bxe5 22.
fxe5 Rg6 23.Rf2 Nb3 24.Bxb3 Bxb3 25.a4 Bc4 26.Qd1 Qc6 27.h3 Rg3 28.Rf3 
Rxf3 29.Qxf3 a5 30.Qxc6 Rxc6 31.Rb1 Kf7 32.Kf2 Ke8 33.Ke3 Kd7 34.g4 g5 35.
Kf2 Bd3 36.Rd1 fxg4 37.hxg4 Rc4 38.Bxg5 Rxc3 39.Bh6 Be4 40.Rc1 Rxc1 41.
Bxc1 Kc6 42.Bg5 Bc2 43.Bd8 Bxa4 44.g5 Bb3 45.Ke3 Kb5 46.d5 Bxd5 47.Kd4 Ka6
0-1

[Event "27th Bosna it"]
[Site "Sarajevo YUG"]
[Date "1988.03.27"]
[Round "6"]
[White "Dizdar, Goran"]
[Black "Gunawan, Ronny"]
[Result "1/2-1/2"]
[WhiteElo "2490"]
[BlackElo "2440"]
[EventDate "1988.03.21"]
[PlyCount "71"]
[Source "Perpetual Check"]

1.Nf3 Nf6 2.g3 g6 3.b3 Bg7 4.Bb2 O-O 5.Bg2 c5 6.O-O Nc6 7.c4 d6 8.d4 cxd4 
9.Nxd4 Bd7 10.Nc2 Qc8 11.e4 Bh3 12.Qe2 h5 13.Nc3 h4 14.Rad1 Kh7 15.Ne3 
hxg3 16.hxg3 Rh8 17.Ncd5 Kg8 18.Nxf6+ Bxf6 19.Bxf6 exf6 20.f3 Ne5 21.Bxh3 
Qxh3 22.Qg2 Qe6 23.Nd5 Rc8 24.f4 Ng4 25.f5 Qe5 26.Rf4 Rh2 27.Qf3 g5 28.
Rxg4 Rxa2 29.Qc3 Kg7 30.Qe3 Rh8 31.Rxg5+ fxg5 32.Qxg5+ Kf8 33.Qd8+ Kg7 34.
Qg5+ Kf8 35.Qd8+ Kg7 36.Qg5+ 1/2-1/2

[Event "27th Bosna it"]
[Site "Sarajevo YUG"]
[Date "1988.03.27"]
[Round "6"]
[White "Dizdarevic, Emir"]
[Black "Lalic, Bogdan"]
[Result "1/2-1/2"]
[WhiteElo "2485"]
[BlackElo "2495"]
[EventDate "1988.03.21"]
[PlyCount "30"]
[Source "Perpetual Check"]

1.d4 d5 2.c4 e6 3.Nf3 Nf6 4.Bg5 Be7 5.Nc3 h6 6.Bh4 O-O 7.e3 b6 8.Bxf6 Bxf6
9.cxd5 exd5 10.Be2 Bb7 11.b4 c5 12.bxc5 bxc5 13.Rc1 Nd7 14.O-O Rc8 15.Qa4 
Bc6 1/2-1/2

[Event "27th Bosna it"]
[Site "Sarajevo YUG"]
[Date "1988.03.27"]
[Round "6"]
[White "Arapovic, Vitomir"]
[Black "Kovacevic, Vlatko"]
[Result "1/2-1/2"]
[WhiteElo "2395"]
[BlackElo "2515"]
[EventDate "1988.03.21"]
[PlyCount "112"]
[Source "Perpetual Check"]

1.e4 e6 2.d4 d5 3.Nc3 Nf6 4.Bg5 Be7 5.e5 Nfd7 6.Bxe7 Qxe7 7.f4 O-O 8.Nf3 
c5 9.Qd2 Nc6 10.O-O-O Nb6 11.Kb1 cxd4 12.Nxd4 Bd7 13.Ncb5 a6 14.Nd6 f6 15.
Qe3 fxe5 16.fxe5 Rab8 17.Bd3 Nc8 18.Nxc8 Rbxc8 19.c3 Qh4 20.Nf3 Qf4 21.Qe2
Be8 22.Rhf1 Bh5 23.Rde1 Qh6 24.Qd2 Rf4 25.Qe3 Rcf8 26.a3 Bxf3 27.gxf3 Rh4 
28.Qxh6 Rxh6 29.f4 Rh3 30.Bc2 Rxh2 31.f5 Rh5 32.fxe6 Rxe5 33.Rxf8+ Kxf8 
34.Rf1+ Kg8 35.Rf7 Rxe6 36.Rxb7 Re1+ 37.Ka2 g6 38.b4 Ne7 39.Rb6 Kf7 40.
Rxa6 h5 41.b5 Nf5 42.Bxf5 gxf5 43.Rh6 f4 44.Rxh5 Ke6 45.b6 Kd6 46.b7 Re8 
47.Rf5 Rb8 48.Rxf4 Rxb7 49.Rb4 Rh7 50.a4 Kc5 51.Kb3 Rh1 52.Rb5+ Kc6 53.Kb4
Rb1+ 54.Ka5 Ra1 55.Rb8 Kc7 56.Rh8 Rb1 1/2-1/2

[Event "27th Bosna it"]
[Site "Sarajevo YUG"]
[Date "1988.03.27"]
[Round "6"]
[White "Popchev, Milko"]
[Black "Marjanovic, Slavoljub"]
[Result "1/2-1/2"]
[WhiteElo "2470"]
[BlackElo "2480"]
[EventDate "1988.03.21"]
[PlyCount "40"]
[Source "Perpetual Check"]

1.e4 c5 2.c4 Nc6 3.Nc3 g6 4.g3 Bg7 5.Bg2 a6 6.Nge2 Rb8 7.a4 e6 8.d3 Nge7 
9.Be3 Nd4 10.Bf4 d6 11.Nxd4 cxd4 12.Ne2 Nc6 13.O-O O-O 14.Bd2 b5 15.axb5 
axb5 16.b3 Qb6 17.Qc2 Bd7 18.Ra3 Rfc8 19.Rfa1 Qc5 20.Qd1 Nb4 1/2-1/2

[Event "27th Bosna it"]
[Site "Sarajevo YUG"]
[Date "1988.03.27"]
[Round "6"]
[White "Kozul, Zdenko"]
[Black "Hulak, Krunoslav"]
[Result "1-0"]
[WhiteElo "2470"]
[BlackElo "2475"]
[EventDate "1988.03.21"]
[PlyCount "89"]
[Source "Perpetual Check"]

1.d4 Nf6 2.Nf3 e6 3.c4 c5 4.d5 exd5 5.cxd5 d6 6.Nc3 g6 7.Bf4 a6 8.a4 Bg7 
9.e4 Bg4 10.Be2 Bxf3 11.Bxf3 O-O 12.O-O Qe7 13.Re1 Nbd7 14.a5 Ne8 15.Qd2 
Nc7 16.Bg5 Bf6 17.Bxf6 Qxf6 18.Bg4 Ne5 19.Be2 g5 20.Ra3 Kh8 21.Rb3 Rab8 
22.Nd1 Rg8 23.Ne3 Qd8 24.Nf5 Ne8 25.Rb6 Qc7 26.Qc3 f6 27.Rc1 Rd8 28.Qb3 
Rd7 29.Qh3 Ng7 30.Nh6 Rf8 31.b4 c4 32.Ng4 Nxg4 33.Qxg4 c3 34.Qg3 c2 35.Qd3
Re7 36.Rxc2 Qd7 37.h3 Rfe8 38.Bg4 Qa4 39.Rc8 h5 40.Rxe8+ Qxe8 41.Be6 Qd8 
42.Qg3 Ne8 43.Qf3 h4 44.e5 dxe5 45.d6 1-0

[Event "27th Bosna it"]
[Site "Sarajevo YUG"]
[Date "1988.03.28"]
[Round "7"]
[White "Hulak, Krunoslav"]
[Black "Klinger, Josef"]
[Result "1-0"]
[WhiteElo "2475"]
[BlackElo "2505"]
[EventDate "1988.03.21"]
[PlyCount "49"]
[Source "Perpetual Check"]

1.d4 e6 2.c4 f5 3.g3 Nf6 4.Bg2 d5 5.Nf3 c6 6.O-O Bd6 7.Qc2 O-O 8.b3 Qc7 9.
Ne5 b6 10.cxd5 cxd5 11.Nc4 Nc6 12.Nxd6 Qxd6 13.Qc3 a5 14.Bf4 Qd7 15.Rc1 
Bb7 16.Nd2 Ne4 17.Qb2 a4 18.bxa4 Rxa4 19.Nxe4 dxe4 20.e3 Rc8 21.Bf1 Nb4 
22.Rxc8+ Qxc8 23.Qb3 Qc6 24.Rc1 Qxc1 25.Qxe6+ 1-0

[Event "27th Bosna it"]
[Site "Sarajevo YUG"]
[Date "1988.03.28"]
[Round "7"]
[White "Dorfman, Iosif"]
[Black "Popchev, Milko"]
[Result "1-0"]
[WhiteElo "2520"]
[BlackElo "2470"]
[EventDate "1988.03.21"]
[PlyCount "117"]
[Source "Perpetual Check"]

1.c4 e6 2.Nc3 d5 3.d4 Bb4 4.a3 Bxc3+ 5.bxc3 Ne7 6.e3 b6 7.cxd5 exd5 8.Bd3 
Bf5 9.Bxf5 Nxf5 10.c4 Ne7 11.Nf3 O-O 12.cxd5 Qxd5 13.O-O Nbc6 14.Bd2 f5 
15.Qb1 Rf6 16.Rc1 Kh8 17.Qa2 Qd7 18.Rc2 Nd5 19.Rac1 Re8 20.Qc4 h6 21.g3 
Ree6 22.Qf1 Qe8 23.Qb5 Qd7 24.Kg2 Kh7 25.Rxc6 a6 26.Qb3 Rxc6 27.Ne5 Qe6 
28.Rb1 Rd6 29.Qa4 c5 30.Qxa6 cxd4 31.exd4 Nc7 32.Qa4 Qa2 33.Rd1 Qd5+ 34.
Nf3 g5 35.Re1 Rde6 36.Kg1 Qxf3 37.Qd7+ Kg6 38.Qxc7 Rxe1+ 39.Bxe1 Re6 40.
Qc1 h5 41.d5 Qxd5 42.Bd2 Qc5 43.Qf1 Qxa3 44.Qc4 Qe7 45.h4 Qf7 46.Qb4 f4 
47.gxf4 gxh4 48.Kh2 h3 49.Qd4 Qf5 50.Qd8 Qg4 51.f5+ Kxf5 52.Qf8+ Ke4 53.
f3+ Kd3 54.fxg4 Re2+ 55.Kxh3 hxg4+ 56.Kxg4 Rg2+ 57.Kf3 Rxd2 58.Qd6+ Kc3 
59.Qc6+ 1-0